000 00649nam a2200289Ia 4500
005 20260324145445.0
008 008 260324s9999 xx 000 0 eng d
020 _a9781003363705
037 _aEBOOK
040 _aCRL
040 _beng
040 _cCRL
041 _2eng
041 _aeng
084 _qCRL
100 _aG. A. Zograph
_91223023
245 0 _aLanguages of South Asia
245 2 _bA Guide
260 _bTaylor and Francis
260 _c1982
365 _a
365 _b150
856 _uhttp://www.taylorfrancis.com/books/9781003363705
942 _cEBOOK
999 _c1830964
_d1830964